P V Narasimha Rao: Scholar Prime Minister (Record no. 66732)

MARC details
000 -LEADER
fixed length control field 00395nam a2200157Ia 4500
008 - FIXED-LENGTH DATA ELEMENTS--GENERAL INFORMATION
fixed length control field 230917s9999||||xx |||||||||||||| ||und||
020 ## - ISBN
Price RS1400
040 ## - CATALOGING SOURCE
-- 25386
Original cataloging agency VIVEKANANDA LIBRARY
041 ## - Language
-- English
082 ## - DDC NUMBER
Classification number B R18A:P
100 ## - MAIN ENTRY--PERSONAL NAME
Personal name Aggarwala, Adish C
245 #0 - TITLE STATEMENT
Title P V Narasimha Rao: Scholar Prime Minister
260 ## - PUBLICATION, DISTRIBUTION, ETC. (IMPRINT)
Place of publication, distribution, etc New Delhi
Name of publisher, distributor, etc Amish Publications
Date of publication, distribution, etc 1995
300 ## - PHYSICAL DESCRIPTION
Pages 300 p.
942 ## - ADDED ENTRY ELEMENTS (KOHA)
Koha item type Books
Holdings
Withdrawn status Lost status Damaged status Not for loan Location (home branch) Sublocation or collection (holding branch) Date acquired Koha issues (times borrowed) Koha full call number Accession No. Koha date last seen Koha item type
        VIVEKANANDA LIBRARY VIVEKANANDA LIBRARY 29/08/2002   B R18A:P 139331 17/09/2023 Books
© Designed and Maintained by Vivekananda Library, MDU Rohtak